00563cam a2200205 a 4500001000800000005001700008008004100025010001700066020002800083040001800111041000800129080001400137082001800151100000700169101000900176245003600185246001400221246005600235504006600291257767120180302042215.0960124s1996 ctu b 001 0 eng  a 96003211  a0275955931 (alk. paper) aDLCcDLCdDLC aeng a305.3 NAD00a305.3 NAD2201 a50 aSOC`10aS/he brain :cRobert L. Nadeau.3 aShe brain30aScience, sexual politics, and the myths of feminism aIncludes bibliographical references (p. [151]-166) and index.